| 000 | 01836cam a22004093a 4500 | ||
|---|---|---|---|
| 001 | 20024 | ||
| 003 | BD-RjUL | ||
| 005 | 20211209000518.0 | ||
| 008 | 140226s1962 xx 000 0deng | ||
| 035 | _a(BD-RjUL) | ||
| 040 |
_aDLC _cDLC _beng _dBD-RjUL |
||
| 041 | _aeng | ||
| 082 |
_a822.91 _bMOT |
||
| 100 |
_aMortimer, John _961591 |
||
| 245 | 0 | 0 | _aTwo stars for comfort / |
| 260 |
_c1962. _aLopndon : _bMathuen and ltd., |
||
| 300 |
_a107 p. ;. _c18cm. |
||
| 500 | _aGarrick Theatre, Charing Cross Road, W.C. 2, the first performance at this theatre, Wednesday, 4th April, 1962. | ||
| 500 | _aTitle devised by Library staff. | ||
| 500 | _aCast: Esmond Knight, Gabriella Licudi, Diane Clare, Anthony Valentine, David Walsh, Trevor Howard, Patricia Healey, Isabel Dean, Hazel Hughes, Peter Sallis, Dudley Jones, Noel Howlett, William Fox. | ||
| 520 | _aGarrick Theatre, Michael Codron and David Hall present Trevor Howard in "Two Stars For Comfort," a new play by John Mortimer, the play directed by Michael Elliott, setting by Malcolm Pride, lighting by Richard Pilbrow. | ||
| 580 | _aIn: Richard L. Coe Theater Programs Collection (Library of Congress). | ||
| 650 |
_aDrama _961592 |
||
| 655 | 7 |
_aTheater programs _zEngland _zLondon. _2rbgenr _961593 |
|
| 655 | 7 |
_aTheater programs _2rbgenr _961594 |
|
| 700 | 1 |
_aHoward, Trevor, _d1916-1988. _961595 |
|
| 700 | 1 |
_aElliott, Michael, _d1931- _961596 |
|
| 700 | 1 |
_aPride, Malcolm. _961597 |
|
| 700 | 1 |
_aPilbrow, Richard. _961598 |
|
| 700 | 1 |
_aMortimer, John, _d1923-2009. _tTwo stars for comfort. _961599 |
|
| 710 | 2 |
_aGarrick Theatre (London, England) _961600 |
|
| 710 | 2 |
_aRichard L. Coe Theater Programs Collection (Library of Congress) _5DLC _915716 |
|
| 752 |
_aEngland _dLondon. |
||
| 942 |
_2ddc _cBK |
||
| 999 |
_c20024 _d20024 |
||